| 000 | 01810nam a2200289Ia 4500 | ||
|---|---|---|---|
| 999 |
_c45452 _d45452 |
||
| 001 | 12276 | ||
| 003 | GE_BSU | ||
| 005 | 20240704145903.0 | ||
| 008 | 181216s1999||||geo|||||||||||||| ||ge || | ||
| 040 | _cGE_BSU | ||
| 041 | _ageo | ||
| 080 | _a821.353.1+821.353.1-09-1+811.353.1-26 ჯ-71 | ||
| 100 |
_aჯორბენაძე, ბესარიონ _91214 |
||
| 245 |
_aპოეზიის ენა : _b[გალაკტიონ ტაბიძის პოეზია] / _cბესარიონ ჯორბენაძე ; რედ. გიორგი გოგოლაშვილი ; მხატვ. გია ლაშხი ; ბესარიონ ჯორბენაძის საზ-ბა. |
||
| 264 |
_aთბილისი : _b[გ.გ.], _c1999. |
||
| 300 |
_a104 გვ. : _bილ. ; _c20 სმ. |
||
| 500 | _aწიგნს ახლავს მინაწერი. P 34.358/3 | ||
| 500 | _aნაშრომი მეცნიერების სამი დარგის - ესთეტიკის, ლიტერატურის თეორიისა და ენათმეცნიერების ერთობლივი ძალითაა შესწავლილი | ||
| 653 | _aპოეზიის ენა | ||
| 653 | _aტაბიძე, გალაკტიონ | ||
| 653 | _aგალაკტიონ ტაბიძის პოეზია | ||
| 653 | _aქართული პოეზიის ენა | ||
| 700 |
_aგოგოლაშვილი, გიორგი _eრედაქტორი _92128 |
||
| 700 |
_aლაშხი, გია _eმხატვარი _922712 |
||
| 710 | _4ბესარიონ ჯორბენაძის საზ-ბა | ||
| 942 |
_cBK _2udc |
||